000 01173nam a2200301 c 4500
003 BLK
005 20231102005218.0
008 180409b bul|||||r ||||||| ||bul||
010 _aKNG00125425000
040 _aBLK
041 _aBUL
_cBUL
080 _aБългарска литература
_b821.163.2
_x-93-1
_z821.163.2-93-1
100 1 _aДимитрова, Лилия
_eпърви автор
_9279604
139 _aДимитрова, Лилия
_bД 58
245 1 0 _aОблаче
_bСтихове за деца
_cЛилия Димитрова; худож. Тодор Кръстев.
257 _aBGR
260 София
_bБълг. художник
_c1966
300 _a16 с.
_bс ил.
_c18 см
380 _aDX
490 1 _aБиблиотека Детски свят
700 _aКръстев, Тодор
_gСтоянов, Тодор Кръстев
_eхудож.
_9249110
852 _aЦб І 12901
856 4 _qpdf
_u
856 4 _qpdf
_u
942 _cKNG
_n0
_01
944 _aCR
_c27.08.2011
_lCRON CRON
_k
944 _aED
_c27.08.2011
_l27.08.2011 - от С1,Р / 27.08.2011
_k
999 _c119810
_d119810